MARC details
| 000 -LEADER |
| campo de control de longitud fija |
02513mam a2200397 a 4500 |
| 001 - NÚMERO DE CONTROL |
| campo de control |
2113470 |
| 003 - IDENTIFICADOR DE NÚMERO DE CONTROL |
| campo de control |
003947 |
| 005 - FECHA Y HORA DE LA ÚLTIMA TRANSACCIÓN |
| campo de control |
20220326193248.0 |
| 008 - DATOS DE LONGITUD FIJA--INFORMACIÓN GENERAL |
| campo de control de longitud fija |
970502s1998 cauc b 001 0 eng |
| 010 ## - NÚMERO DE CONTROL DE LA BIBLIOTECA DEL CONGRESO |
| Número de control de LC |
97017178 |
| 020 ## - NÚMERO INTERNACIONAL ESTÁNDAR DEL LIBRO |
| Número Internacional Estándar del Libro |
1572410469 |
| 035 ## - NÚMERO DE CONTROL DEL SISTEMA |
| Número de control de sistema |
(OCoLC)ocm36883998 |
| 035 ## - NÚMERO DE CONTROL DEL SISTEMA |
| Número de control de sistema |
(NNC)2113470 |
| 040 ## - FUENTE DE CATALOGACIÓN |
| Centro catalogador/agencia de origen |
DLC |
| Centro/agencia transcriptor |
DLC |
| Centro/agencia modificador |
C#P |
| -- |
OrLoB-B |
| 041 1# - CÓDIGO DE IDIOMA |
| Código de lengua del texto/banda sonora o título independiente |
eng |
| Código de lengua original |
ger |
| 043 ## - CÓDIGO DE ÁREA GEOGRÁFICA |
| Código de área geográfica |
e------ |
| 050 00 - SIGNATURA TOPOGRÁFICA DE LA BIBLIOTECA DEL CONGRESO |
| Número de clasificación |
NK925 |
| Número de ítem |
.L6613 1998 |
| 082 00 - NÚMERO DE LA CLASIFICACIÓN DECIMAL DEWEY |
| Número de clasificación |
720.4 |
| Número de ítem |
L863o |
| Número de edición |
21 |
| 100 1# - ENTRADA PRINCIPAL--NOMBRE DE PERSONA |
| Nombre de persona |
Loos, Adolf, |
| Fechas asociadas al nombre |
1870-1933. |
| 9 (RLIN) |
424 |
| 240 10 - TÍTULO UNIFORME |
| Título uniforme |
Ornament und Verbrechen. |
| Lenguaje de la obra |
English |
| 245 10 - MENCIÓN DEL TÍTULO |
| Título |
Ornament and crime : |
| Resto del título |
selected essays / |
| Mención de responsabilidad, etc. |
Adolf Loos ; selected and with an introduction by Adolf Opel ; translated by Michael Mitchell. |
| 260 ## - PUBLICACIÓN, DISTRIBUCIÓN, ETC. |
| Lugar de publicación, distribución, etc. |
Riverside, Calif. : |
| Nombre del editor, distribuidor, etc. |
Ariadne Press, |
| Fecha de publicación, distribución, etc. |
c1998. |
| 300 ## - DESCRIPCIÓN FÍSICA |
| Extensión |
204 p. : |
| Otras características físicas |
port. ; |
| Dimensiones |
22 cm. |
| 490 1# - MENCIÓN DE SERIE |
| Mención de serie |
Studies in Austrian literature, culture, and thought. Translation series |
| 504 ## - NOTA DE BIBLIOGRAFÍA, ETC. |
| Nota de bibliografía, etc. |
Includes bibliographical references and index. |
| 505 00 - NOTA DE CONTENIDO CON FORMATO |
| Título |
Introduction / |
| Mención de responsabilidad |
Adolf Opel -- |
| Información miscelánea |
1. |
| Título |
Our School of Applied Art -- |
| Información miscelánea |
2. |
| Título |
The Christmas Exhibition in the Austrian Museum -- |
| Información miscelánea |
3. |
| Título |
The Jubilee Exhibition: The Exhibition Buildings -- |
| Información miscelánea |
4. |
| Título |
The Silver Court and Neighboring Pavilion -- |
| Información miscelánea |
5. |
| Título |
Men's Fashion -- |
| Información miscelánea |
6. |
| Título |
The New Style and the Bronze Industry -- |
| Información miscelánea |
7. |
| Título |
Interior Design: Prelude -- |
| Información miscelánea |
8. |
| Título |
The Interiors in the Rotunda -- |
| Información miscelánea |
9. |
| Título |
Chairs -- |
| Información miscelánea |
10. |
| Título |
Glass and China -- |
| Información miscelánea |
11. |
| Título |
Luxury Carriages -- |
| Información miscelánea |
12. |
| Título |
Plumbers: Baths and Kitchen Ranges -- |
| Información miscelánea |
13. |
| Título |
Gentlemen's Hats -- |
| Información miscelánea |
14. |
| Título |
Footwear -- |
| Información miscelánea |
15. |
| Título |
Shoemakers -- |
| Información miscelánea |
16. |
| Título |
Ladies' Fashion -- |
| Información miscelánea |
17. |
| Título |
Underwear -- |
| Información miscelánea |
18. |
| Título |
Furniture -- |
| Información miscelánea |
19. |
| Título |
The Furniture of 1898 -- |
| Información miscelánea |
20. |
| Título |
Printers -- |
| Información miscelánea |
21. |
| Título |
A Review of the Applied Arts I -- |
| Información miscelánea |
22. |
| Título |
A Review of the Applied Arts II -- |
| Información miscelánea |
23. |
| Título |
The English Schools in the Austrian Museum -- |
| Información miscelánea |
24. |
| Título |
Pottery -- |
| Información miscelánea |
25. |
| Título |
Surplus to Requirements -- |
| Información miscelánea |
26. |
| Título |
In Praise of the Present -- |
| Información miscelánea |
27. |
| Título |
Culture -- |
| Información miscelánea |
28. |
| Título |
Cultural Degeneration -- |
| Información miscelánea |
29. |
| Título |
Ornament and Crime -- |
| Información miscelánea |
30. |
| Título |
Brief Intermezzo -- |
| Información miscelánea |
31. |
| Título |
Beethoven's Ears -- |
| Información miscelánea |
32. |
| Título |
Hands Off! -- |
| 505 80 - NOTA DE CONTENIDO CON FORMATO |
| Información miscelánea |
33. |
| Título |
Ornament and Education -- |
| Información miscelánea |
34. |
| Título |
Short Hair -- |
| Información miscelánea |
35. |
| Título |
Oscar Kokoschka -- |
| Información miscelánea |
36. |
| Título |
On Josef Hofmann -- |
| Información miscelánea |
37. |
| Título |
Chronology. |
| 650 #0 - PUNTO DE ACCESO ADICIONAL DE MATERIA--TÉRMINO DE MATERIA |
| Término de materia o nombre geográfico como elemento de entrada |
Decorative arts |
| Subdivisión geográfica |
Europe |
| Subdivisión general |
History |
| Subdivisión cronológica |
19th century. |
| 9 (RLIN) |
425 |
| 650 #0 - PUNTO DE ACCESO ADICIONAL DE MATERIA--TÉRMINO DE MATERIA |
| Término de materia o nombre geográfico como elemento de entrada |
Decorative arts |
| Subdivisión geográfica |
Europe |
| Subdivisión general |
History |
| Subdivisión cronológica |
20th century. |
| 9 (RLIN) |
426 |
| 650 #0 - PUNTO DE ACCESO ADICIONAL DE MATERIA--TÉRMINO DE MATERIA |
| Término de materia o nombre geográfico como elemento de entrada |
Aquitectura |
| 9 (RLIN) |
427 |
| 650 #0 - PUNTO DE ACCESO ADICIONAL DE MATERIA--TÉRMINO DE MATERIA |
| Término de materia o nombre geográfico como elemento de entrada |
Ensayos |
| 9 (RLIN) |
428 |
| 650 #0 - PUNTO DE ACCESO ADICIONAL DE MATERIA--TÉRMINO DE MATERIA |
| Término de materia o nombre geográfico como elemento de entrada |
Conferencias |
| 9 (RLIN) |
429 |
| 700 1# - ENTRADA AGREGADA--NOMBRE PERSONAL |
| Nombre de persona |
Opel, Adolf, |
| Fechas asociadas al nombre |
1935- |
| 9 (RLIN) |
430 |
| 830 #0 - PUNTO DE ACCESO ADICIONAL DE SERIE-TÍTULO UNIFORME |
| Título uniforme |
Studies in Austrian literature, culture, and thought. |
| Nombre de parte o sección de la obra |
Translation series. |
| 9 (RLIN) |
431 |
| 900 ## - ELEMENTOS DE DATOS A LOCAL, LDA (RLIN) |
| Numeración |
TOC |